000
00292nam a2200121Ia 4500
008
190216s9999||||xx |||||||||||||| ||und||
100
_a
Lawrence D H
245
4
_a
The Plumed Serpant
260
_b
Penguin Books
_c
1978
300
_a
445p
650
_a
English Novel-English Novel
942
_c
BK
999
_c
12250
_d
12250